Migration and development in South East Asia : a demographic perspective
| Other Authors: | |
|---|---|
| Format: | Book |
| Published: |
K.L :
oxford Univ. Press ,
1979
|
| Subjects: |
MARC
| LEADER | 00000cam a2200000 7i4500 | ||
|---|---|---|---|
| 001 | 0000002531 | ||
| 005 | 20021119.0 | ||
| 020 | |a 0195804201 | ||
| 040 | |a INS | ||
| 090 | 0 | 0 | |a HB2101. |b M54 1979 |
| 245 | 1 | 0 | |a Migration and development in South East Asia : |b a demographic perspective |c by edited Robin J. Pryor |
| 260 | |a K.L : |b oxford Univ. Press , |c 1979 | ||
| 300 | |a xxi, 353p. | ||
| 650 | 0 | 0 | |a Emigrations and immigration |z South East Asia |
| 700 | 1 | |a Robin, J. Pryor | |
| 999 | |a 0000000798 |b BOOK |c Open Shelf |e Default branch | ||